Pasos a desnivel (Record no. 251)

MARC details
000 -LEADER
campo de control de longitud fija 00380 a2200121 4500
082 ## - NÚMERO DE LA CLASIFICACIÓN DECIMAL DEWEY
Número de clasificación 709.972.81
Número de ítem P283p
100 ## - ENTRADA PRINCIPAL--NOMBRE DE PERSONA
Nombre de persona Cazali, Rosina
9 (RLIN) 1164
245 ## - MENCIÓN DEL TÍTULO
Título Pasos a desnivel
Resto del título mapa urbano de la cultura contemporanea en Guatemala
260 ## - PUBLICACIÓN, DISTRIBUCIÓN, ETC.
Lugar de publicación, distribución, etc. Guatemala
Nombre del editor, distribuidor, etc. Hivos
Fecha de publicación, distribución, etc. 2003
300 ## - DESCRIPCIÓN FÍSICA
Extensión 129 p
Otras características físicas col
Dimensiones 20.5 cm
650 ## - PUNTO DE ACCESO ADICIONAL DE MATERIA--TÉRMINO DE MATERIA
Término de materia o nombre geográfico como elemento de entrada arte guatemalteco
Subdivisión general cultura
Subdivisión geográfica Guatemala
9 (RLIN) 1165
700 ## - ENTRADA AGREGADA--NOMBRE PERSONAL
Nombre de persona Rosina Cazali
9 (RLIN) 1166
Holdings
Estatus retirado Estado de pérdida Fuente del sistema de clasificación o colocación Estado de daño No para préstamo Biblioteca de origen Biblioteca actual Ubicación en estantería Fecha de adquisición Total de préstamos Signatura topográfica completa Código de barras Visto por última vez Precio de reemplazo Tipo de ítem Koha
    Clasificación Decimal Dewey     Biblioteca LadoV Biblioteca LadoV   23/06/2014   709.972.81 P283p 000269 23/06/2014 23/06/2014 Material 01
    Clasificación Decimal Dewey     Biblioteca LadoV Biblioteca LadoV   02/12/2017   709.972.81 P283p 004523 02/12/2017 02/12/2017 Material 01